Statistics for Random Name Translation

Click here to take the quiz!

General Stats

  • This quiz has been taken 34,418 times
  • The average score is 14 of 32

Answer Stats

EnglishLanguageName% Correct
RobertItalianRoberto
82%
EdwardSpanishEduardo
78%
AnthonyItalianAntonio
77%
RichardSpanishRicardo
75%
AndrewFrenchAndré
73%
LewisFrenchLouis
73%
JosephSpanishJose
65%
JohnSpanishJuan
63%
GeorgeSpanishJorge
62%
JohnFrenchJean
60%
PaulPortuguesePaulo
59%
FrancisFrenchFrançois
58%
WilliamGermanWilhelm
53%
PeterSpanishPedro
50%
LaurenceItalianLorenzo
42%
PeterFrenchPierre
41%
HenrySpanishEnrique
36%
HenryGermanHeinrich
36%
PaulSpanishPablo
36%
JohnRussianIvan
31%
StephenSpanishEsteban
30%
GeorgeFrenchGeorges
30%
AndrewDanishAnders
29%
HenryItalianEnrico
29%
FrancisGermanFranz
26%
PeterRussianPyotr
26%
LewisGermanLudwig
21%
JohnScottishIan
17%
PaulRussianPavel
16%
JosephArabicYūsuf
16%
PeterGreekPetros
14%
WilliamIrishLiam
12%

Score Distribution

Percentile by Number Answered

Percent of People with Each Score

Your Score History

You have not taken this quiz